Responses for Show #4843 - Wednesday, October 5, 2005

Jason Richards game 3.

Contestants

[<< previous game]

Justin Porter, a landscaper from Charleston, South Carolina

Caren Chancey, a graduate student from Baltimore, Maryland

Jason Richards, a pharmacy technician from Old Town, Maine (whose 2-day cash winnings total $55,700)

[next game >>]

Jeopardy! Round responses

FORT SUMTER
A BOBBLEHEAD CATEGORY
THE NOT-SO-DEADLY SINS
INTERNATIONAL ROAD VEHICLE STICKERS
BRANDS
ASTRONOMICAL RHYME TIME
    $200 6
cotton

Jason
    $200 21
Hellraiser

Justin
    $200 7
the toilet seat

Jason
    $200 30
(Justin: What is Venezuela?)

Vietnam

JasonJustin
    $200 16
London

Caren
    $200 1
a Moon tune

Caren
    $400 12
Abner Doubleday

Justin
    $400 22
Cheech & Chong

Caren
    $400 8
shouting

Jason
    $400 29
Costa Rica

Jason
    $400 17
Energizer

Caren
    $400 2
Mars bars

Jason
    $600 13
(Justin: What is a flag?)
(Alex: Be more specific.)
(Justin: Confederate battle flag?)

the American flag

Justin
Triple Stumper
    $600 23
Bob Denver

Jason
    $600 9
the napkin

Jason
    $600 28
Tajikistan

Jason
    $600 18
Aunt Jemima

Triple Stumper
    $600 3
Hubble trouble

Justin
    $800 14
Buchanan

Caren
    $800 24
Lou Ferrigno

Jason
    $800 10
the mattress

Jason
    $800 27
Ghana

Jason
    $800 19
Le Tigre

Justin
    $800 4
Halley's alleys

Caren
    $1,500 15
(Caren: What is France?)
(Alex: No, you picked the wrong one--[*]. You have to think of the Spanish-American War.)

Spain

Caren
    $1000 25
Jason Voorhees

Justin
    $1000 11
Memorial Day

Justin
    $1000 26
(Jason: What is Peru?)

Paraguay

Jason
Triple Stumper
    $1000 20
Maytag

Triple Stumper
    $1000 5
a crater dater (crater rater accepted)

Justin

Scores at the first commercial break (after clue 15):

Jason Caren Justin
$2,600 $300 $2,400

Scores at the end of the Jeopardy! Round:

Jason Caren Justin
$5,000 $1,300 $4,200

Double Jeopardy! Round responses

VILLES DE FRANCE
(Alex: We want you to name the movie for...)
JANE FONDA FILM ROLES
THE "S" FILES
FAMOUS PAINTERS
HEALTH CARE
DR. FAUST WILL SEE YOU NOW
    $400 4
Marseilles

Jason
    $400 6
(Justin: What's, uh, Mother-in-Law?)

Monster-in-Law

JasonJustin
    $400 1
(Caren: What is doctor?)

surgeon

JasonCaren
    $400 29
Manet

Caren
    $400 16
Medicaid

Jason
    $400 21
Helen of Troy

Justin
    $800 5
(Caren: What is Bayonet?)

Bayonne

CarenJustin
    $800 10
Barbarella

Caren
    $800 2
Santiago

Triple Stumper
    $800 30
Grandma Moses

Justin
    $800 17
malaria

Jason
    $800 22
(Justin: What is "Messistopheles"?)
(Alex: No.)
(Jason: What is "Mephis"--)
(Alex: Yes.)
(Jason: --"toth"--"eles"--"topheles"--thph! Hm!)
(Alex: "Mephis," not "Messis.")

"Mephistopheles"

JasonJustin
    $1200 7
Tours

Jason
    $1200 13
The China Syndrome

Jason
    $1200 3
symposium

Triple Stumper
    $1200 28
(Caren: Who is Whistler?)

Grant Wood

Caren
Triple Stumper
    $1200 18
prosthesis

Caren
    $1200 23
Thomas Mann

Triple Stumper
    $1600 8
Cherbourg

Jason
    $1600 14
(Jason: [After hearing the correct response] Yes, yes.)
(Alex: Jon Voight.)

Coming Home

Triple Stumper
    $1600 11
Sojourner

Triple Stumper
    $1600 27
Georgia O'Keeffe

Jason
    $1600 19
assisted living

Caren
    $1600 24
Gounod

Caren
    $6,000 9
(Alex: Yes, that's where the popes lived in the 1300s.)

Avignon

Jason
    $2000 15
Julia

Jason
    $2000 12
the Sepoy

Jason
    $5,000 26
Titian

Caren
    $2000 20
obstetrician-gynecologist

Caren
    $2000 25
invisibility

Triple Stumper

Scores at the end of the Double Jeopardy! Round:

Jason Caren Justin
$23,800 $11,500 $5,000
(lock game)

[wagering suggestions for these scores]

Final Jeopardy! Round responses

RECORD SETTERS
(Alex: Gherman Titov was a Soviet cosmonaut.)
...
(Alex: Yes. Yuri Gagarin, earlier that year, had orbited one time only.)
JustinWhat is orbit The earth
$0
CarenWhat is Swim the English Channel
$1,499
JasonWhat is ?
$700
orbit the Earth

Final scores:

Jason Caren Justin
$23,100 $10,001 $5,000
3-day champion: $78,800 2nd place: $2,000 3rd place: $1,000

Game dynamics:

Coryat scores:

Jason Caren Justin
$19,800 $10,000 $5,000
25 R
(including 1 DD),
1 W
13 R
(including 1 DD),
4 W
(including 1 DD)
10 R,
4 W

Combined Coryat: $34,800

[game clues] [game scores] [suggest correction]

Game tape date: 2005-07-27
The J! Archive is created by fans, for fans. Scraping, republication, monetization, and malicious use prohibited; this site may use cookies and collect identifying information. See terms. The Jeopardy! game show and all elements thereof, including but not limited to copyright and trademark thereto, are the property of Jeopardy Productions, Inc. and are protected under law. This website is not affiliated with, sponsored by, or operated by Jeopardy Productions, Inc. Join the discussion at JBoard.tv.